Who Did That Rock Song? #4 - Statistics

General Stats
  • This quiz has been taken 225 times
  • The average score is 10 of 20
Answer Stats
Year Song Answer % Correct
1984 I Want to Break Free Queen
81%
2000 Yellow Coldplay
68%
1973 Free Bird Lynyrd Skynyrd
68%
1983 Let's Dance David Bowie
63%
1997 Everlong Foo Fighters
62%
1968 Born to be Wild Steppenwolf
61%
1971 Riders on the Storm The Doors
61%
1988 Every Rose Has its Thorn Poison
60%
1998 Pretty Fly (For a White Guy) The Offspring
55%
1989 Janie's Got a Gun Aerosmith
54%
1964 Great Balls of Fire Jerry Lee Lewis
53%
2006 Welcome to The Black Parade My Chemical Romance
49%
1980 Breaking the Law Judas Priest
47%
1967 White Rabbit Jefferson Airplane
43%
1969 Me and Bobby McGee Janis Joplin
38%
1990 Enjoy the Silence Depeche Mode
36%
2007 Misery Business Paramore
35%
1979 The Logical Song Supertramp
32%
1976 Play That Funky Music Wild Cherry
20%
2009 Kings and Queens 30 Seconds to Mars
14%
No matching quizzes found
Score Distribution
Percent of People with Each Score
Percentile by Number Answered
Your Score History
You have not taken this quiz